00476nam a2200193 u 45000010006000000050017000060080041000230350010000640350021000740400013000950410008001080820008001161000034001242450032001582500010001902600032002003000018002326500032002501712420260504071823.0960313s1968 spa  a17124 a(OCoLC)778035515 ccomduadb aspa 4a37810aRandle, Patricio H.4auteaut10aHacia una nueva universidad a1.ed. aArgentina :bEudeba,c1968. a115 páginas 7aReforma universitaria2lemb